Box Office Decades: 2000s - Statistics

General Stats
  • This quiz has been taken 357 times
  • The average score is 40 of 100
Answer Stats
Year $$$ Movie % Correct
2009 $2.92B Avatar
85%
2008 $585M Iron Man
81%
2008 $1.01B The Dark Knight
78%
2001 $1.02B Harry Potter and the Sorcerer's Stone
74%
2001 $888M The Lord of the Rings: The Fellowship of the Ring
74%
2003 $1.13B The Lord of the Rings: The Return of the King
70%
2002 $882M Harry Potter and the Chamber of Secrets
68%
2004 $808M Harry Potter and the Prisoner of Azkaban
68%
2002 $825M Spider-Man
68%
2005 $375M Batman Begins
66%
2006 $461M Cars
66%
2003 $654M Pirates of the Caribbean: The Curse of the Black Pearl
66%
2002 $938M The Lord of the Rings: The Two Towers
66%
2005 $897M Harry Potter and the Goblet of Fire
64%
2007 $1.00B Harry Potter and the Order of the Phoenix
64%
2009 $735M Up
64%
2003 $941M Finding Nemo
63%
2006 $1.06B Pirates of the Caribbean: Dead Man's Chest
63%
2005 $905M Star Wars: Episode III - Revenge of the Sith
63%
2000 $465M Gladiator
60%
2009 $941M Harry Potter and the Half-Blood Prince
60%
2002 $653M Star Wars: Episode II - Attack of the Clones
60%
2004 $631M The Incredibles
60%
2007 $891M Spider-Man 3
59%
2008 $527M WALL-E
59%
2001 $488M Shrek
58%
2004 $784M Spider-Man 2
58%
2001 $579M Monsters, Inc.
56%
2007 $961M Pirates of the Caribbean: At World's End
56%
2004 $932M Shrek 2
56%
2007 $709M Transformers
56%
2007 $808M Shrek the Third
53%
2000 $546M Mission: Impossible II
52%
2007 $623M Ratatouille
51%
2000 $296M X-Men
51%
2009 $836M Transformers: Revenge of the Fallen
49%
2003 $407M X2
49%
2006 $460M X-Men: The Last Stand
49%
2006 $398M Mission: Impossible III
48%
2006 $616M Casino Royale
45%
2003 $741M The Matrix Reloaded
44%
2003 $427M The Matrix Revolutions
42%
2002 $383M Ice Age
40%
2001 $450M Ocean's Eleven
40%
2008 $786M Indiana Jones and the Kingdom of the Crystal Skull
38%
2005 $542M Madagascar
38%
2000 $429M Cast Away
37%
2006 $667M Ice Age: The Meltdown
37%
2002 $445M Men in Black II
37%
2008 $589M Quantum of Solace
37%
2006 $391M Superman Returns
37%
2009 $886M Ice Age: Dawn of the Dinosaurs
36%
2004 $362M Ocean's Twelve
36%
2001 $368M Jurassic Park III
34%
2005 $603M War of the Worlds
34%
2005 $556M King Kong
32%
2008 $603M Madagascar: Escape 2 Africa
32%
2009 $469M The Hangover
32%
2008 $632M Kung Fu Panda
30%
2005 $474M Charlie and the Chocolate Factory
27%
2004 $522M Meet the Fockers
27%
2003 $433M Terminator 3: Rise of the Machines
27%
2000 $347M How the Grinch Stole Christmas
26%
2007 $585M I Am Legend
26%
2008 $703M Mamma Mia!
26%
2000 $330M Meet the Parents
26%
2002 $408M Signs
26%
2004 $497M Troy
26%
2003 $484M Bruce Almighty
25%
2006 $574M Night at the Museum
25%
2005 $745M The Chronicles of Narnia: The Lion, the Witch and the Wardrobe
25%
2001 $443M The Mummy Returns
25%
2002 $358M Minority Report
23%
2005 $487M Mr. & Mrs. Smith
23%
2007 $456M 300
22%
2003 $273M Bad Boys II
22%
2006 $760M The Da Vinci Code
22%
2004 $610M The Passion of the Christ
22%
2006 $384M Happy Feet
21%
2001 $449M Pearl Harbor
21%
2001 $362M Planet of the Apes
21%
2009 $524M Sherlock Holmes
21%
2002 $431M Die Another Day
19%
2000 $349M Dinosaur
19%
2007 $536M The Simpsons Movie
19%
2009 $791M 2012
18%
2008 $629M Hancock
18%
2005 $371M Hitch
18%
2008 $419M The Chronicles of Narnia: Prince Caspian
18%
2000 $374M What Women Want
18%
2007 $459M National Treasure: Book of Secrets
16%
2004 $552M The Day After Tomorrow
16%
2000 $328M The Perfect Storm
16%
2009 $711M The Twilight Saga: New Moon
16%
2004 $374M Shark Tale
15%
2003 $454M The Last Samurai
14%
2002 $368M My Big Fat Greek Wedding
12%
2000 $291M What Lies Beneath
12%
2009 $485M Angels & Demons
11%
2001 $358M Spirited Away
10%
No matching quizzes found
Score Distribution
Percent of People with Each Score
Percentile by Number Answered
Your Score History
You have not taken this quiz